000 00297nam a22001337a 4500
008 180104b xxu||||| |||| 00| 0 eng d
020 _a9781904994671
041 _aeng
080 _a030
100 _a39
101 _aREF
245 _aGuinness World Records 2012
_cGlenday, C
942 _2udc
_cBK
999 _c39727
_d39727